000 00722nam a2200253Ia 4500
003 OSt
005 20221005091538.0
006 a|||||r|||| 00| 0
007 ta
008 221004b |||||||| |||| 00| 0 eng d
020 _a0312293224
024 _a76702
037 _cTextual
040 _aCRL
_cCRL
_beng
041 _2eng
_aeng
082 _aO111973,1:g, P2
100 _aWoods Tim
_9441316
245 0 _aPoetics of the limit
_b Ethics and politics in modern and contemporary american poetry
260 _aNew York
_bPalgrave MacMillan USA
_c2002
300 _a287p.
_ccm.
650 _aENGLISH LITERATURE
942 _hO111973,1:g, P2
_cTEXL
_2cc
999 _c997415
_d997415